Statistics for Because The Internet Tracklist (Childish Gambino)

Click here to take the quiz!

General Stats

  • This quiz has been taken 8 times
  • The average score is 10 of 19

Answer Stats

HintAnswer% Correct
93005
86%
8IV. Sweatpants
86%
7III. Telegraph Ave. ("Oakland" by Lloyd)
71%
17I. Pink Toes
71%
5I. The Worst Guys
71%
14I. Flight Of The Navigator
57%
16III. Urn
57%
3II. Worldstar
57%
2I.Crawl
43%
18II. Earth: The Oldest Computer (The Last Night)
43%
19III. Life: The Biggest Troll (Andrew Auernheimer)
43%
6II. Shadows
43%
15II.Zealots Of Stockholm (Free Information)
43%
11I. The Party
43%
10Playing Around Before The Party Starts
43%
1The Library - Intro
43%
4Dial Up
29%
13Death By Numbers
14%
12II. No Exit
14%

Score Distribution

Percentile by Number Answered

Percent of People with Each Score

Your Score History

You have not taken this quiz